Представление документа в формате RUSMARC

ПолеНазваниеЗначение
  Тип записи a
  Библиографический уровень c
001 Контрольный номер RU/IS/BASE/558534438
005 Дата корректировки 20240111164005.6
010 Индекс ISBN __
a ISBN 978-5-9910-3857-7 (Россия)
010 Индекс ISBN __
a ISBN 978-617-12-2475-9 (Украина)
d Цена 323-40
100 Данные общей обработки __
a Данные общей обработки 19170912d2017||||||| 0rusy0189 ca
101 Язык документа 0_
a Язык текста rus
102 Страна публикации __
a Страна публикации ru|
105 Кодированные данные (монография) __
a Кодированные данные (монография) ||||||||000zy
200 Заглавие и сведения об ответственности 1_
a Заглавие Сказки для взрослых девочек
e Сведения, относящиеся к заглавию сборник
f Первые сведения об ответственности Лиля Подгайская
b Общее обозначение материала Текст
210 Выходные данные 1_
a Место издания Харьков
a Место издания Белгород
c Издательство Клуб семейного досуга
d Дата издания 2017
215 Физическое описание __
a Объем 284, [1] с.
d Формат 21 см
300 Общие примечания __
a Общие примечания 18000 экз.
327 Примечание о содержании 0_
a Примечание о содержании Золушка двадцать первого века
327 Примечание о содержании 0_
a Примечание о содержании О кризисе среднего возраста и не только
327 Примечание о содержании 0_
a Примечание о содержании Собака по имени Лада
327 Примечание о содержании 0_
a Примечание о содержании Трефовый король
330 Аннотация __
a Аннотация Четыре добрые и трогательные новеллы о счастье, которое рано или поздно находит каждую женщину: на автобусной остановке, в знакомом офисе, на любимой тропинке в осеннем парке!.. А может, оно всегда было рядом и тихо ждало своего часа? Ведь каждая современная Золушка в душе настоящая принцесса, потерявшая свою хрустальную туфельку-мечту среди ежедневных забот, суеты и одиночества в большом городе. Но однажды случится чудо и жизнь изменится к лучшему - просто карета со сказочным принцем немного задержалась в вечерних пробках...
333 Примечание о целевом назначении __
a Примечание о целевом назначении 16+. Для детей старше 16 лет
512 Заглавие обложки 1_
a Заглавие обложки Трефовый король
517 Другие варианты заглавия 1_
a Другие варианты заглавия Золушка двадцать первого века
517 Другие варианты заглавия 1_
a Другие варианты заглавия О кризисе среднего возраста и не только
517 Другие варианты заглавия 1_
a Другие варианты заглавия Собака по имени Лада
606 Тематические рубрики __
a Основная рубрика Художественная литература
606 Тематические рубрики __
a Основная рубрика Современная русская литература (произведения)
610 Ключевые слова 0_
a Ключевые слова женская проза
a Ключевые слова женские романы
a Ключевые слова любовные романы
a Ключевые слова новеллы
a Ключевые слова романы
a Ключевые слова тема женского счастья
a Ключевые слова тема женской судьбы
a Ключевые слова тема женщины
a Ключевые слова тема счастья
686 Индексы других классификаций __
a Классификационный индекс 84(2=411.2)6-4; ст84(2Рос=Рус)6-4
686 Индексы других классификаций __
2 Код системы rubbks
700 Автор _1
a Фамилия Подгайская
b Имя Л.
g Полное личное имя Лиля
4 Код отношения 070
801 Источник записи _0
a Страна ru
b Организация Муниципальное бюджетное учреждение культуры "Централизованная библиотечная система" г. Сургут (Центральная городская библиотека им. А. С. Пушкина)
c Дата составления 20170912
g Правила каталогизации RCR
801 Источник записи _1
a Страна ru
b Организация Муниципальное бюджетное учреждение культуры "Централизованная библиотечная система" г. Сургут (Центральная городская библиотека им. А. С. Пушкина)
c Дата составления 20170912
g Правила каталогизации RCR
852 Данные о местонахождении __
j Шифр хранения 84(2=411.2)6-4
i Авторский знак П 44
901 Тип документа __
t Тип документа x
a Ответственный ООФиК/Волкова
903 Характеристики (МАРС) __
a Дата передачи 20170912
969 Тип издания __
a Тип издания сборник
990 Данные о заказе (DOS) __
j Количество экземпляров (DOS) 9
t N записи в КСУ для И/У (DOS) 201709